Jonathan's General Knowledge #12 - Statistics

General Stats
  • This quiz has been taken 585 times
  • The average score is 7 of 20
Answer Stats
# Hint Answer % Correct
11 The Broncos, Rapids and Nuggets are professional sports clubs in which city? Denver
62%
2 In electronics, what does LED stand for? Light-emitting diode
59%
15 The term 'Thoughtcrime' was popularized by which famous novel? 1984
49%
3 What is the northernmost capital city (of an independent nation) in the world? Reykjavik
48%
19 'Dog and bone' is cockney rhyming slang for what single word? Telephone
45%
6 In 2009, American footballer Tom Brady married which supermodel? Gisele Bündchen
44%
13 In mathematics, what name is given to a triangle with no equal sides or angles? Scalene
44%
10 What type of animal was Bambi's friend Flower? Skunk
44%
17 Which country hosted and won the first FIFA World Cup? Uruguay
43%
9 Who presented The Tonight Show from 1962 until 1992? Johnny Carson
42%
5 Which commonly used German word means 'spirit of the age'? Zeitgeist
41%
16 Which basketball team does Barack Obama support? Chicago Bulls
39%
7 With which crooner did Lady Gaga collaborate on the 2014 album Cheek To Cheek? Tony Bennett
39%
12 Eddie Murphy won three Golden Raspberries in 2007 for separate roles in which movie? Norbit
29%
14 'My independence seems to vanish in the haze' is a line from which Beatles song? Help!
23%
1 By what name is Terry Gene Bollea better known? Hulk Hogan
21%
8 In Roman mythology, who was the goddess of wisdom? Minerva
20%
18 Musician Jools Holland was a founder of which British pop band in 1974? Squeeze
16%
4 In tennis, what is the women's equivalent of the Davis Cup? Fed Cup
15%
20 Which city hosted the first event of the 2012 Olympic Games? Cardiff
8%
No matching quizzes found
Score Distribution
Percent of People with Each Score
Percentile by Number Answered
Your Score History
You have not taken this quiz